[Event "GER-chT North U12"]
[Site "Magdeburg"]
[Date "2012.09.07"]
[Round "4.4"]
[White "Foth, Henrik"]
[Black "Miegel, Paul"]
[Result "1-0"]
[WhiteElo "892"]
[BlackElo "834"]
[PlyCount "47"]
[EventDate "2012.09.06"]
[EventType "team-swiss"]
[EventRounds "7"]
[EventCountry "GER"]
[SourceTitle "EXT 2015"]
[Source "ChessBase"]
[SourceDate "2014.11.20"]
[SourceVersion "1"]
[SourceVersionDate "2014.11.20"]
[SourceQuality "1"]
[WhiteTeam "Hamburg Eppendorf"]
[BlackTeam "Schwerin"]
[WhiteTeamCountry "GER"]
[BlackTeamCountry "GER"]

1. e4 e5 2. Nf3 Nc6 3. Bb5 d6 4. d3 Bg4 5. h3 Bxf3 6. Qxf3 Nf6 7. c3 d5 8. Nd2 dxe4 9. dxe4 Bc5 10. 0-0 0-0 11. Rd1 Qe7 12. Nf1 a6 13. Ba4 b5 14. Bc2 h6 15. Ng3 b4 16. Nf5 Qe6 17. Bb3 Qc8 18. Qg3 Ne8 19. Nxh6+ Kh8 20. Nxf7+ Kg8 21. Nd6+ Kh7 22. Qh4+ Kg6 23. Qg5+ Kh7 24. Qh5# 1-0